000 01122cam a2200361 4500
001 a4375
003 DO-SdBPM
005 20250114094450.0
007 a4375
008 081111s2008 sp || 000 1 spa
015 _a
017 _a
_b
020 _a9788466321969
040 _aDO-SdBPM
_bspa
_cBPMSU
041 1 _aspa
_h
082 4 _a839.8236
_bG111mi 2008
_222
100 1 _aGaarder, Jostein,
_d1952-
240 1 0 _aKabalmysteriet
_lEspañol
245 1 3 _aEl misterio del solitario /
_cJostein Gaarder ; traducción de Kirsti Baggethun y Asunción Lorenzo
260 _aMadrid :
_bPunto de Lectura,
_c2008.
300 _a418 p. ;
_c21 cm
490 0 _aPunto de lectura,
_v263/3
500 _aIncluye datos biográficos del autor en la contraportada
590 _aInventariado, 2025/VM
650 4 _aNovela noruega
650 4 _aNovela fantástica noruega
650 4 _aViajes
_vNovela
700 1 _a Baggethun, Kirsti,
_etraductor
700 1 _aLorenzo, Asunción,
_etraductor
910 _aVMateo V. Control de calidad. BPMSU
942 _2ddc
_cBK
956 _aVMATEO
_b10
_c20160712
_dBPMSU
_f0069
999 _c10830
_d10830